| 000 | 00540nam a2200145 a 4500 | ||
|---|---|---|---|
| 001 | 000034147 | ||
| 005 | 20200930070820.0 | ||
| 008 | 110926s2001 dr 000 0 spa d | ||
| 040 |
_aDO-SdBNP _bspa _cBNPHU |
||
| 100 | 1 |
_aGrullón de Martínez, Maritza _959568 |
|
| 245 | 1 | 3 |
_aEl libro del interiorista : _bguía para el diseñador de interiores / _cMaritza Grullón de Martínez ; ilustración Teresita Pereyra. |
| 260 |
_aSanto Domingo : _bProyecto Gráfico, _c2001. |
||
| 300 |
_a102 p. : _bil. ; _c28 cm. |
||
| 700 | 1 |
_aPereyra, teresita _959569 |
|
| 999 |
_c33638 _d33638 |
||